Вестник ВНИИМЖ. 2012, № 1 (5): Материалы 15-ой Международной научно-практической конференции "Система технологий и машин для животноводства на период до 2020 г." (Запись № 11525837)

Подробности
000 -МАРКЕР
контрольное поле 02410nam2a2200253 4500
001 - ИДЕНТИФИКАТОР ЗАПИСИ
контрольное поле RU\NLR\PER_A\012257781_000330
005 - ИДЕНТИФИКАТОР ВЕРСИИ
контрольное поле 20250624020602.0
035 ## - ДРУГИЕ СИСТЕМНЫЕ НОМЕРА
Идентификатор записи (NLR Aleph) 012343092
100 ## - ДАННЫЕ ОБЩЕЙ ОБРАБОТКИ
Данные общей обработки 20200922d2012 |||y0rusy50 ca
101 0# - ЯЗЫК РЕСУРСА
Язык текста, звукозаписи и т.д. русский
102 ## - СТРАНА ПУБЛИКАЦИИ ИЛИ ПРОИЗВОДСТВА
Страна публикации Российская Федерация
200 1# - ЗАГЛАВИЕ И СВЕДЕНИЯ ОБ ОТВЕТСТВЕННОСТИ
Основное заглавие Материалы 15-ой Международной научно-практической конференции "Система технологий и машин для животноводства на период до 2020 г."
210 ## - ПУБЛИКАЦИЯ, РАСПРОСТРАНЕНИЕ И ДР.
Дата издания, распространения и т.д. 2012
Место издания, распространения и т.д. Б. м.
461 #0 - УРОВЕНЬ НАБОРА
Встроенное поле 001RU\NLR\BIBL_A\012257781
-- 2001#$aВестник ВНИИМЖ$iСерия: Механизация, автоматизация и машинные технологии в животноводстве$eежеквартальный научный журнал$v2012, № 1 (5)
Системный номер (АБИС) связанной записи 11114840
Автор Всероссийский научно-исследовательский и проектно-технологический институт механизации животноводства
Место публикации пос. Знамя Октября, Московская область
Дата публикации 2012 - 2019
Заглавие части Серия: Механизация, автоматизация и машинные технологии в животноводстве
Имя издателя, распространителя и т.д. Государственное научное учреждение Всероссийский научно-исследовательский институт механизации животноводства Российской академии сельскохозяйственных наук
Сведения, относящиеся к заглавию ежеквартальный научный журнал
Заглавие Вестник ВНИИМЖ
ISSN 2226-4302
Номер тома 2012, № 1 (5)
606 1# - НАИМЕНОВАНИЕ ТЕМЫ КАК ПРЕДМЕТ
Наименование темы Животноводство
Формальный подзаголовок Съезды, совещания и т.п
Тематический подзаголовок Механизация
Системный номер авторитетной/нормативной записи 1021183
Идентификатор авторитетной/нормативной записи RU\NLR\AUTH\6672533
606 1# - НАИМЕНОВАНИЕ ТЕМЫ КАК ПРЕДМЕТ
Наименование темы Животноводческие фермы
Формальный подзаголовок Съезды, совещания и т.п
Тематический подзаголовок Оборудование
Системный номер авторитетной/нормативной записи 915595
Идентификатор авторитетной/нормативной записи RU\NLR\AUTH\6615585
686 1# - ИНДЕКСЫ ДРУГИХ КЛАССИФИКАЦИЙ
Индекс П071.5я431(0)
710 12 - НАИМЕНОВАНИЕ ОРГАНИЗАЦИИ - ПЕРВИЧНАЯ ОТВЕТСТВЕННОСТЬ
Начальный элемент ввода "Система технологий и машин для животноводства на период до 2020 г.", международная научно-практическая конференция
Порядковый номер временной организации и / или порядковый номер ее части 15
Место проведения временной организации Москва
Дата проведения временной организации 2012
Системный номер авторитетной/нормативной записи 714158
Идентификатор авторитетной/нормативной записи RU\NLR\AUTH\880526267
852 ## - МЕСТОНАХОЖДЕНИЕ И ШИФР ХРАНЕНИЯ
Идентификатор организации NLR
Шифр хранения (Call Number) П13/1376
942 ## - ДОПОЛНИТЕЛЬНЫЕ ЭЛЕМЕНТЫ ЗАПИСИ (АБИС)
Тип экземпляра АБИС Выпуск
980 ## - КОЛЛЕКЦИЯ
Название коллекции Национальная библиография
980 ## - КОЛЛЕКЦИЯ
Название коллекции Русская периодика

Нет доступных экземпляров.